|
|
|
|
| LEADER |
00000nab a2200000 a 4500 |
| 001 |
vtls010315257 |
| 003 |
SK-MaSNL |
| 005 |
20260318124350.0 |
| 008 |
110930c2011 xo wr p 000 c0ukr |
| 015 |
|
|
|a SNBRB2011/09
|
| 038 |
|
|
|a SVKPOCL
|
| 040 |
|
|
|a SVKPOCL
|b slo
|c SVKPOCL
|e AACR2
|
| 041 |
0 |
|
|a ukr
|
| 044 |
|
|
|a xo
|c SK
|
| 080 |
|
|
|a 341.232(437.6:477)
|2 2001
|
| 080 |
|
|
|a 351.756(437.6:477)
|2 2001
|
| 110 |
1 |
|
|a Ukrajina.
|b Posoľstvo (Slovensko).
|b Generálny konzulát v Prešove
|4 aut
|9 185277
|
| 245 |
0 |
0 |
|a Novi pravyla vizovoho režymu
|c Heneral'ne konsul'stvo Ukrajiny, Prjašiv.
|
| 610 |
1 |
7 |
|a Slovensko.
|b Vláda
|2 svkpocl
|9 14235
|
| 648 |
|
7 |
|a 23.3.2011
|2 svkpocl
|9 1101805
|
| 650 |
0 |
7 |
|a medzinárodná spolupráca
|2 svkpocl
|9 4911
|
| 650 |
0 |
7 |
|a vízová politika
|2 svkpocl
|9 73807
|
| 650 |
0 |
7 |
|a dohody
|2 svkpocl
|9 297154
|
| 651 |
|
7 |
|a Slovensko
|2 svkpocl
|9 14231
|
| 651 |
|
7 |
|a Kyjev (Ukrajina)
|2 svkpocl
|9 30606
|
| 651 |
|
7 |
|a Ukrajina
|2 svkpocl
|9 168045
|
| 773 |
0 |
|
|t Nove žyttja
|g Roč. 61, č. 15-16 (2011), s. 1
|
| 852 |
|
|
|a SVKPO
|b KIS3GCP
|
| 856 |
4 |
1 |
|u www.rusini-ukrajinci.tym.sk
|
| 958 |
|
|
|a UK
|
| 958 |
|
|
|a SK
|
| 958 |
|
|
|a UA
|
| 999 |
|
|
|c 2985387
|d 2987317
|